000
00310nam a2200133Ia 4500
008
230312s9999||||xx |||||||||||||| ||und||
020
_a
978-1901033083
082
_a
720.942
_b
CON-F
100
_a
Conran
245
0
_a
From Milton Keynes to Manhattan
260
_c
2002
650
_a
Architecture
942
_c
BK
999
_c
14443
_d
14443